Statystyki dla Tabela LaLiga 2018/19

Kliknij tutaj aby rozwiązać quiz!

Ogólne statystyki

  • Ten quiz został rozwiązany 158 razy
  • Średni wynik to 12 z 20

Statystyki odpowiedzi

HintOdpowiedź% Poprawnych
1FC Barcelona
99%
3Real Madryt
99%
2Atletico Madryt
97%
6Sevilla
88%
4Valencia
81%
10Real Betis
79%
9Real Sociedad
79%
5Getafe
70%
14Villarreal
70%
8Athletic Bilbao
68%
15Levante
51%
18Girona
49%
17Celta Vigo
47%
11Deportivo Alaves
42%
20Rayo Vallecano
38%
16Real Valladolid
37%
7RCD Espanyol
25%
13CD Leganes
15%
12SD Eibar
15%
19SD Huesca
11%

Rozkład punktacji

Percentyl według liczby udzielonych odpowiedzi

Procent ludzi z każdym wynikiem

Twoja historia wyników

Nie rozwiązałeś tego quizu